| 000 | 00864nam a2200217Ia 4500 | ||
|---|---|---|---|
| 003 | GCL | ||
| 008 | 140319s9999 xx 000 0 ara d | ||
| 020 | _a444232977 | ||
| 040 |
_aGCL / _cGCL |
||
| 082 | 0 | 4 |
_a378 _bا ض |
| 100 | 1 | _aالسيد عبد العزيز البهواشى | |
| 245 | 1 | 0 |
_aضمان الجودة فى التعليم العالى : _bمفهومها - مبادئها - تجارب عالمية / _cالسيد عبد العزيز البهواشى |
| 700 | 1 | _aسعيد بن حمد الربيعى | |
| 250 | _aالاولى | ||
| 260 |
_aالقاهرة : _bعالم الكتب الحديث ، _c2005 |
||
| 300 |
_a208 ص ؛ _c25 سم |
||
| 650 | 0 | 4 | _aالتعليم العالى |
| 650 | 0 | 4 | _aالتعليم العالى - اغراضة واهدافه |
| 650 | 0 | 4 | _aالتعليم العالى - الدول النامية |
| 942 |
_2ddc _cBK |
||
| 999 |
_c34772 _d34772 |
||